Visualizzazione normale
Vista MARC
- Perino Renato
di Personal Name
Records bibliografici associati: 1
001 - CONTROL NUMBER
- control field: 1096
003 - CONTROL NUMBER IDENTIFIER
- control field: IT-RoPau
005 - DATE AND TIME OF LATEST TRANSACTION
- control field: 20131107093806.0
008 - FIXED-LENGTH DATA ELEMENTS
- fixed length control field: 131107|| aca||aabn | a|a d
040 ## - CATALOGING SOURCE
- Original cataloging agency: IT-RoPau
- Transcribing agency: IT-RoPau
100 ## - HEADING--PERSONAL NAME
- Personal name: Perino Renato
- Relator term: inteprete
- Miscellaneous information: Codice Interprete SPICS: 2715
670 ## - SOURCE DATA FOUND
- Source citation: Work cat.: (IT-RoPau)99106: Alberione Giacomo 15, Io sono un miracolo di Dio